Filme nach polnischen Filmpostern - Statistiken

Allgemein
  • Dieses Quiz wurde 36 mal gespielt
  • Das Durchschnittsergebnis liegt bei 7 aus 16
Antwortstatistiken
Bildquiz Antwort % Korrekt
Die Rückkehr der Jedi-Ritter
100%
Der weiße Hai 2
88%
Terminator
76%
Shining
52%
Der Pate – Teil II
48%
Rocky
48%
Gandhi
42%
Die Vögel
36%
Apocalypse Now
30%
Jäger des verlorenen Schatzes
30%
Zurück in die Zukunft
27%
Alien – Das unheimliche Wesen aus einer fremden Welt
24%
Rosemaries Baby
24%
Vertigo – Aus dem Reich der Toten
24%
Die Fliege
15%
Asphalt-Cowboy
9%
Keine übereinstimmenden Quizze gefunden
Verteilung der Resultate
Anzahl Personen mit jedem Resultat
Perzentil nach korrekt beantworteten Fragen
Ihre Resultats-Entwicklung
Sie haben dieses Quiz noch nicht gespielt